000 01525nam a22003974i 4500
001 192727
003 ES-MaACL
005 20240229134850.0
007 ta
008 230516s2017 sp aaac |||| 0|0 0 eng|c
017 _aM 36032-2017
_bOficina Depósito Legal Madrid
020 _a9788494810411
040 _bspa
_erda
_cES-MaACL
080 _a329.12(4)
080 _a32(4-672 UE)"19"
245 0 4 _aThe skeptical razor :
_bpolitical lies and their social consequences /
_ccoordinated by Teresa Giménez Barbat in collaboration with Roger Corcho and Eduardo R. Zugasti ; Félix Ares ... [et al.]
264 2 _a[Las Rozas (Madrid)] :
_bFunambulista,
_c[2017]
300 _a159 paginas :
_bilustraciones (blanco y negro) ;
_c20 cm
336 _atexto
_btxt
_2rdacontent
337 _asin mediación
_bn
_2rdamedia
338 _avolumen
_bnc
_2rdacarrier
490 0 _aMonographics Euromind
_v; 2
500 _aEn portada: ALDE, Alliance of Liberals and Democrats for Europe
500 _aÍndice
650 7 _aLiberalismo-
_zEuropa
_9138817
651 4 _aPaíses de la Unión Europea-
_xPolítica y gobierno
_99178
700 1 _aGiménez Barbat, María Teresa
_9235434
_epbl
700 1 _aCorcho, Roger
_9176663
_epbl
700 1 _aZugasti, Eduardo R.
_9176664
_epbl
700 1 _aAres, Félix
_eaut
_9176662
852 _aES-MaACL
_bR.152466
_cDEPOJ
_hDonación: Editorial
_jN-8350
_9200023
942 _n0
_cMONOGRAFIA
999 _c192727
_d192727